Training needs analysis in the workplace /

Bibliographic Details
Main Author: Peterson, Robyn
Format: Book
Published: London: Kogan Page, 1992.
Subjects:
LEADER 00722cam a2200253 7i4500
001 0000058904
005 20151104090000.0
005 ##20151104180700.0
002 ##000004228
003 ##MY-KlINT
008 151104 00010 eng
020 # # |a 0749405465  
039 # 9 |y 201511041807  |z VLOAD 
090 0 0 |a 658.3124 PET  
100 1 # |a Peterson, Robyn 
245 0 0 |a Training needs analysis in the workplace /   |c Robyn Peterson.. 
260 # # |a London:   |b Kogan Page,   |c 1992. 
300 # # |a 140p; 21cm. 
650 # 0 |a Training  
996 |a ikwas2000.out 
997 |a 3000046254  |b IKWS  |c MNF  |d BOK 
997 |a 3000120851  |b IKWS  |c MNF  |d BOK 
998 |a 0000005897 
999 |a 3000120851  |b BOOK  |c Main Non-Fiction  |e INTAN Kampus Wilayah Selatan